[Event "WY U-16 Chess Olympiad 2019"]
[Site "Corum"]
[Date "2019.11.03"]
[Round "6"]
[White "Gurel, Ediz"]
[Black "Hakobyan, Astghik"]
[Result "1/2-1/2"]
[WhiteElo "1995"]
[BlackElo "1978"]
[Annotator "NA"]
[PlyCount "48"]
[EventDate "2019.10.28"]
[EventType "team-tourn"]
[EventCountry "TUR"]
[SourceTitle "playchess.com"]
[Source "ChessBase"]
[SourceQuality "1"]

1. e4 e6 2. d4 d5 3. Nd2 c5 4. exd5 Qxd5 5. Ngf3 cxd4 6. Bc4 Qd6 7. O-O Nc6 8. Nb3 Nf6 9. Nbxd4 Nxd4 10. Nxd4 a6 11. Re1 Bd7 12. c3 O-O-O 13. Qe2 Qc7 14. Nf3 Bd6 15. Bb3 Bc6 16. h3 Bc5 17. Bc2 Bb5 18. Qe5 Bd6 19. Qe3 Nd5 20. Qe4 Bc6 21. Qe2 Bb5 22. Qe4 Bc6 23. Qe2 Bb5 24. Qe4 Bc6 1/2-1/2

[Event "WY U-16 Chess Olympiad 2019"]
[Site "Corum"]
[Date "2019.11.03"]
[Round "6"]
[White "Bagvilas, Lukas"]
[Black "Baranciuc, Alexandr"]
[Result "1-0"]
[WhiteElo "1983"]
[BlackElo "1923"]
[Annotator "NA"]
[PlyCount "81"]
[EventDate "2019.10.28"]
[EventType "team-tourn"]
[EventCountry "TUR"]
[SourceTitle "playchess.com"]
[Source "ChessBase"]
[SourceQuality "1"]

1. e4 c6 2. d4 d5 3. exd5 cxd5 4. Bd3 Nc6 5. c3 Nf6 6. h3 g6 7. Qc2 Bd7 8. Nf3 Rc8 9. a3 Bg7 10. O-O O-O 11. Bf4 Qb6 12. Re1 Ne4 13. Nbd2 Nxd2 14. Qxd2 Na5 15. Rab1 Rfe8 16. Bh6 Bb5 17. Bxg7 Kxg7 18. Bxb5 Qxb5 19. Qg5 f6 20. Qg4 Rc6 21. h4 h5 22. Qd7 Kf7 23. a4 Qb3 24. Nd2 Qxa4 25. b4 Nc4 26. Nxc4 dxc4 27. d5 Ra6 28. Qxb7 Rb6 29. Qc7 Qb5 30. Qxa7 Rd6 31. Re4 Qxd5 32. Rbe1 Rd7 33. Qa2 Rc8 34. Qe2 Rcc7 35. Qe3 Qf5 36. Qh6 e5 37. f4 Re7 38. fxe5 Ra7 39. Qh7+ Kf8 40. Qh8+ Kf7 41. e6+ 1-0

[Event "WY U-16 Chess Olympiad 2019"]
[Site "Corum"]
[Date "2019.11.03"]
[Round "6"]
[White "Herega, Nejc"]
[Black "Ameer, Dhafer Abdulameer"]
[Result "1/2-1/2"]
[WhiteElo "1976"]
[BlackElo "1770"]
[Annotator "NA"]
[PlyCount "75"]
[EventDate "2019.10.28"]
[EventType "team-tourn"]
[EventCountry "TUR"]
[SourceTitle "playchess.com"]
[Source "ChessBase"]
[SourceQuality "1"]

1. d4 d5 2. c4 c6 3. Nf3 Nf6 4. e3 e6 5. Nbd2 Nbd7 6. Bd3 Bd6 7. O-O O-O 8. e4 e5 9. cxd5 cxd5 10. exd5 exd4 11. Ne4 Qb6 12. Nxd6 Qxd6 13. Nxd4 Qxd5 14. Nf5 Kh8 15. Bc2 Nb6 16. Ng3 Be6 17. Be3 Rfd8 18. Qe2 Qc4 19. Rfd1 Nfd5 20. Bd3 Qb4 21. Bg5 Bg4 22. f3 Re8 23. Qf2 Bd7 24. Ne4 Bf5 25. a3 Qf8 26. Qh4 Bg6 27. Kh1 Rac8 28. Qg3 Bxe4 29. Bxe4 f6 30. Qh4 Rxe4 31. Qxe4 fxg5 32. Rxd5 Nxd5 33. Qxd5 Qf4 34. h3 h6 35. Rd1 Rc1 36. Qd8+ Kh7 37. Qd3+ Kh8 38. Qd8+ 1/2-1/2

[Event "WY U-16 Chess Olympiad 2019"]
[Site "Corum"]
[Date "2019.11.03"]
[Round "6"]
[White "Deng Jing Xin Crystal"]
[Black "Laohawirapap, Prin"]
[Result "1/2-1/2"]
[WhiteElo "1944"]
[BlackElo "1774"]
[Annotator "NA"]
[PlyCount "89"]
[EventDate "2019.10.28"]
[EventType "team-tourn"]
[EventCountry "TUR"]
[SourceTitle "playchess.com"]
[Source "ChessBase"]
[SourceQuality "1"]

1. d4 d5 2. c4 c6 3. Nf3 Nf6 4. Nc3 dxc4 5. a4 Bf5 6. e3 e6 7. Bxc4 Nbd7 8. O-O Bb4 9. Nh4 Bg4 10. f3 Bh5 11. g4 Nd5 12. Ng2 Bg6 13. Qb3 Qb6 14. Bd2 a5 15. Rfd1 h5 16. g5 h4 17. h3 Be7 18. e4 Qxb3 19. Bxb3 Nxc3 20. bxc3 Rh5 21. Kf2 Bxg5 22. Bxg5 Rxg5 23. Nxh4 Bh7 24. Ng2 Rh5 25. h4 g5 26. hxg5 Rxg5 27. Rh1 Rg7 28. Ne3 O-O-O 29. Rh5 b6 30. Rah1 Nf6 31. Rh6 Bg6 32. Rg1 Rdg8 33. Ba2 Kc7 34. Ng2 Nxe4+ 35. fxe4 Bxe4 36. Rh2 Rg3 37. Bb1 Bd5 38. c4 Bxc4 39. Be4 Kd6 40. Rc1 Bd5 41. Bxd5 exd5 42. Ne3 R3g5 43. Rh6+ R8g6 44. Rxg6+ Rxg6 45. Rb1 1/2-1/2

[Event "WY U-16 Chess Olympiad 2019"]
[Site "Corum"]
[Date "2019.11.03"]
[Round "6"]
[White "Kara, Gulce Nehir"]
[Black "Krstulovic, Alex"]
[Result "0-1"]
[WhiteElo "1925"]
[BlackElo "2324"]
[Annotator "TA"]
[PlyCount "146"]
[EventDate "2019.10.28"]
[EventType "team-tourn"]
[EventCountry "TUR"]
[SourceTitle "playchess.com"]
[Source "ChessBase"]
[SourceQuality "1"]

1. d4 Nf6 2. Nf3 e6 3. Bf4 b6 4. e3 Bb7 5. c3 Be7 6. Nbd2 Nh5 7. Bg3 d6 8. Bd3 Nd7 9. Qc2 g6 10. e4 Bf6 11. O-O-O Nxg3 12. hxg3 Qe7 13. Qa4 a6 14. e5 Bg7 15. exd6 cxd6 16. Qa3 b5 17. Ne4 Bxe4 18. Bxe4 d5 19. Qxe7+ Kxe7 20. Bd3 h5 21. Rde1 Kd6 22. Kb1 Bf6 23. Re2 Rab8 24. Rhe1 a5 25. b4 Rhc8 26. Kb2 Kc6 27. a3 Rc7 28. Kb3 Ra7 29. Kb2 Kb6 30. Ne5 Nxe5 31. dxe5 Be7 32. Ra1 Rba8 33. Ree1 axb4 34. axb4 Rxa1 35. Rxa1 Rxa1 36. Kxa1 Kc6 37. Kb2 Bd8 38. f3 Bb6 39. Kc2 Bf2 40. g4 hxg4 41. fxg4 Bg3 42. Be2 Bxe5 43. Kd3 Bg3 44. Bf1 e5 45. Be2 Be1 46. Kc2 f6 47. Bd3 e4 48. Be2 d4 49. cxd4 Bxb4 50. Kb3 Ba5 51. Kc2 Bc7 52. Kb3 Bg3 53. Kc2 Kb6 54. Kb3 Ka5 55. Bd1 Be1 56. Bc2 f5 57. gxf5 gxf5 58. g4 fxg4 59. Bxe4 Bb4 60. Bg2 Bd6 61. Be4 Kb6 62. Kc3 g3 63. Bg2 Kc7 64. Kd3 Kd7 65. d5 Be5 66. Kc2 Kd6 67. Kb3 Kc5 68. Bh1 b4 69. Bg2 Bd6 70. Kc2 Kd4 71. Kd2 Bf4+ 72. Kc2 Ke3 73. Kb3 Bd6 0-1

[Event "WY U-16 Chess Olympiad 2019"]
[Site "Corum"]
[Date "2019.11.03"]
[Round "6"]
[White "Anacoglu, Cisel"]
[Black "Gombocz, Ferenc Jr."]
[Result "0-1"]
[WhiteElo "1918"]
[BlackElo "2200"]
[Annotator "ChessBase"]
[PlyCount "60"]
[EventDate "2019.10.28"]
[EventType "team-tourn"]
[EventCountry "TUR"]
[SourceTitle "playchess.com"]
[Source "ChessBase"]
[SourceQuality "1"]

1. e4 e5 2. Nf3 Nc6 3. Bb5 g6 4. c3 a6 5. Ba4 d6 6. d4 Bd7 7. O-O Bg7 8. d5 Nce7 9. c4 b5 10. Bb3 f5 11. exf5 gxf5 12. Re1 Nf6 13. c5 Ng6 14. a4 O-O 15. c6 bxa4 16. Rxa4 Bc8 17. Nc3 h6 18. Qe2 Kh8 19. Bc4 e4 20. Nd4 Ng4 21. h3 Bxd4 22. hxg4 Qh4 23. Be3 Be5 24. g3 Bxg3 25. fxg3 Qxg3+ 26. Kh1 Qh4+ 27. Kg1 Ne5 28. Bd4 Rg8 29. Qd1 Rxg4+ 30. Kf1 Qh3+ 0-1

[Event "WY U-16 Chess Olympiad 2019"]
[Site "Corum"]
[Date "2019.11.03"]
[Round "6"]
[White "Singh, Eshwant"]
[Black "Nurmamedov, Azat"]
[Result "1/2-1/2"]
[WhiteElo "1910"]
[BlackElo "2368"]
[Annotator "TA"]
[PlyCount "101"]
[EventDate "2019.10.28"]
[EventType "team-tourn"]
[EventCountry "TUR"]
[SourceTitle "playchess.com"]
[Source "ChessBase"]
[SourceQuality "1"]

1. d4 Nf6 2. c4 e6 3. Nf3 b6 4. g3 Ba6 5. b3 Bb4+ 6. Bd2 Be7 7. Bg2 c6 8. O-O d5 9. Ne5 Nfd7 10. Nxd7 Nxd7 11. Bc3 O-O 12. Nd2 b5 13. c5 e5 14. b4 e4 15. e3 f5 16. f3 exf3 17. Nxf3 Qc7 18. Qd3 Rae8 19. a4 Qb7 20. a5 Qc7 21. Be1 g6 22. g4 f4 23. exf4 Qxf4 24. g5 Bc8 25. Bg3 Qg4 26. Qd2 Rf7 27. Rae1 Ref8 28. Rxe7 Rxe7 29. Bd6 Rfe8 30. Bxe7 Rxe7 31. Re1 Re4 32. Rxe4 Qxe4 33. Qe1 Qxe1+ 34. Nxe1 Nb8 35. Nd3 Kf8 36. Kf2 Na6 37. Ke3 Ke7 38. Kd2 Bf5 39. Ne5 Bd7 40. Kc3 Nc7 41. Kd2 Ne8 42. Ke3 Ng7 43. Nxd7 Kxd7 44. Bh3+ Ke7 45. Kf4 Ne8 46. Ke5 Ng7 47. Bg4 Ne8 48. Bh3 Nc7 49. Bc8 Ne8 50. Bh3 Ng7 51. Bg4 1/2-1/2

[Event "WY U-16 Chess Olympiad 2019"]
[Site "Corum"]
[Date "2019.11.03"]
[Round "6"]
[White "Mirlan uulu, Syimyk"]
[Black "Mammadov, Sadig"]
[Result "0-1"]
[WhiteElo "1899"]
[BlackElo "2216"]
[Annotator "ChessBase"]
[PlyCount "72"]
[EventDate "2019.10.28"]
[EventType "team-tourn"]
[EventCountry "TUR"]
[SourceTitle "playchess.com"]
[Source "ChessBase"]
[SourceQuality "1"]

1. e4 e6 2. d4 d5 3. exd5 exd5 4. Bd3 c5 5. Nf3 Nf6 6. c3 Be7 7. O-O O-O 8. Bf4 Nc6 9. h3 Qb6 10. dxc5 Qxb2 11. Qd2 Qxd2 12. Nbxd2 Bxc5 13. Nb3 Bb6 14. Ne5 Be6 15. Nxc6 bxc6 16. Rac1 Rfe8 17. c4 dxc4 18. Bxc4 Bd5 19. Ba6 Re4 20. Bg5 Rae8 21. Bb7 R4e6 22. Bxf6 Rxf6 23. Nc5 Rg6 24. g3 Re2 25. Rfd1 h5 26. h4 Rf6 27. Rxd5 cxd5 28. Nd7 Rfxf2 29. Nxb6 axb6 30. Bxd5 Rf6 31. Rc8+ Kh7 32. a4 g6 33. Rc4 Rd6 34. Kf1 Rb2 35. Bf3 Rf6 36. Rc3 Ra2 0-1

[Event "WY U-16 Chess Olympiad 2019"]
[Site "Corum"]
[Date "2019.11.03"]
[Round "6"]
[White "Prasitsoonthorn, Teerachoti"]
[Black "Wong Ching Chi"]
[Result "0-1"]
[WhiteElo "1866"]
[BlackElo "1879"]
[Annotator "NA"]
[PlyCount "134"]
[EventDate "2019.10.28"]
[EventType "team-tourn"]
[EventCountry "TUR"]
[SourceTitle "playchess.com"]
[Source "ChessBase"]
[SourceQuality "1"]

1. e4 d5 2. exd5 Qxd5 3. Nc3 Qd6 4. d4 Nf6 5. Nf3 c6 6. Bg5 Bg4 7. Be2 Nbd7 8. Qd2 e6 9. Bf4 Qb4 10. O-O Nb6 11. a3 Qe7 12. h3 Bxf3 13. Bxf3 Nc4 14. Qe2 Nd6 15. Rad1 Nd5 16. Bxd6 Qxd6 17. Nxd5 cxd5 18. c4 O-O-O 19. c5 Qc6 20. b4 a6 21. Rb1 b5 22. cxb6 Qxb6 23. Rfc1+ Kd7 24. b5 a5 25. Qd3 Bd6 26. Rc6 Qb7 27. Bd1 Ke7 28. Ba4 Rc8 29. Rbc1 Rc7 30. Qc2 Rhc8 31. Qxh7 Rxc6 32. bxc6 Qb2 33. Rb1 Qxd4 34. Qc2 Rc7 35. Rd1 Qf4 36. g3 Qf3 37. Qd3 Qf6 38. Rb1 Bc5 39. Qd2 Qe5 40. Rb3 Qd4 41. Qxd4 Bxd4 42. Kf1 Kd6 43. Ke2 Bc5 44. Rb5 Rxc6 45. Rxa5 Rb6 46. Rb5 Ra6 47. Bc2 Rxa3 48. Rb3 Ra2 49. Kd2 Bxf2 50. Rf3 Bd4 51. Rxf7 Ra3 52. Bd3 Ra2+ 53. Bc2 Bf6 54. Rb7 e5 55. Rb6+ Kc5 56. Rb8 e4 57. Re8 Kd4 58. h4 Be5 59. g4 Bf4+ 60. Kd1 Ra1+ 61. Ke2 Rh1 62. Rf8 Rh2+ 63. Kd1 Ke3 64. Bb3 Kd3 65. Bc2+ Rxc2 66. Rxf4 Rh2 67. Ke1 Ke3 0-1

[Event "WY U-16 Chess Olympiad 2019"]
[Site "Corum"]
[Date "2019.11.03"]
[Round "6"]
[White "Velkovski, Kristijan"]
[Black "Louw, Carlo"]
[Result "0-1"]
[WhiteElo "1866"]
[BlackElo "1518"]
[Annotator "NA"]
[PlyCount "66"]
[EventDate "2019.10.28"]
[EventType "team-tourn"]
[EventCountry "TUR"]
[SourceTitle "playchess.com"]
[Source "ChessBase"]
[SourceQuality "1"]

1. e4 g6 2. d4 Bg7 3. Nf3 d6 4. Nc3 Nf6 5. Bc4 c6 6. O-O b5 7. Bd3 O-O 8. Re1 b4 9. Ne2 c5 10. c3 a5 11. a3 Bb7 12. Ng3 Nfd7 13. e5 bxc3 14. bxc3 cxd4 15. cxd4 dxe5 16. Nxe5 Nxe5 17. dxe5 Qd5 18. Be4 Qxd1 19. Rxd1 Bxe4 20. Nxe4 Bxe5 21. Rb1 Nc6 22. Bh6 Rfd8 23. g3 Nd4 24. Kg2 f6 25. Be3 Kf7 26. Rd2 Nf5 27. Rxd8 Nxe3+ 28. Kf3 Rxd8 29. Kxe3 Bd4+ 30. Ke2 h6 31. Rb5 a4 32. Nc5 Rd5 33. Kd3 Rxc5 0-1

[Event "WY U-16 Chess Olympiad 2019"]
[Site "Corum"]
[Date "2019.11.03"]
[Round "6"]
[White "Kenbeilov, Timur"]
[Black "Vithanage, I A"]
[Result "1-0"]
[WhiteElo "1844"]
[BlackElo "1600"]
[Annotator "NA"]
[PlyCount "129"]
[EventDate "2019.10.28"]
[EventType "team-tourn"]
[EventCountry "TUR"]
[SourceTitle "playchess.com"]
[Source "ChessBase"]
[SourceQuality "1"]

1. d4 d5 2. c4 e6 3. g3 c6 4. Bg2 Bd6 5. Nf3 Nd7 6. Qc2 Ngf6 7. O-O O-O 8. Nbd2 Re8 9. e4 dxe4 10. Nxe4 Bc7 11. Rd1 Qe7 12. Be3 h6 13. Rac1 Ng4 14. Bd2 a5 15. h3 Ngf6 16. Be3 Nxe4 17. Qxe4 Qb4 18. Qg4 Nf6 19. Qh4 Bd8 20. Rc2 Nd5 21. Qh5 Nxe3 22. fxe3 Qe7 23. Rf2 Bc7 24. Kh2 Bd7 25. Rdf1 Rf8 26. Ne5 f6 27. Nd3 Qd6 28. Nf4 e5 29. c5 Qe7 30. Ng6 Qe8 31. dxe5 Bxe5 32. Bf3 Rf7 33. Nxe5 Qxe5 34. Qxe5 fxe5 35. Bd5 cxd5 36. Rxf7 Bb5 37. R1f2 Bc6 38. Re7 Re8 39. Rxe8+ Bxe8 40. Rf5 d4 41. Rxe5 Bf7 42. exd4 Bxa2 43. d5 Kf7 44. d6 Be6 45. Re3 g6 46. Ra3 Ke8 47. Rxa5 Kd7 48. Ra7 Kc6 49. b4 h5 50. b5+ Kxb5 51. Rxb7+ Kxc5 52. d7 Bxd7 53. Rxd7 Kc6 54. Rg7 Kd5 55. Rxg6 h4 56. gxh4 Ke5 57. h5 Kf5 58. Rg4 Kf6 59. h6 Kf7 60. h7 Kf6 61. h8=Q+ Kf5 62. Qh5+ Ke6 63. Rg6+ Kf7 64. Qh7+ Ke8 65. Rg8# 1-0

[Event "WY U-16 Chess Olympiad 2019"]
[Site "Corum"]
[Date "2019.11.03"]
[Round "6"]
[White "Zaid Alaa Chasib"]
[Black "Acimovic, Sergej"]
[Result "0-1"]
[WhiteElo "1844"]
[BlackElo "1998"]
[Annotator "NA"]
[PlyCount "93"]
[EventDate "2019.10.28"]
[EventType "team-tourn"]
[EventCountry "TUR"]
[SourceTitle "playchess.com"]
[Source "ChessBase"]
[SourceQuality "1"]

1. e4 c5 2. Nc3 Nc6 3. f4 g6 4. Nf3 Bg7 5. Bb5 Nd4 6. O-O Nxb5 7. Nxb5 d5 8. exd5 a6 9. Nc3 Nf6 10. d3 Nxd5 11. Bd2 O-O 12. Qe1 Nb4 13. Rc1 b6 14. a3 Nc6 15. Qh4 Nd4 16. Nxd4 Qxd4+ 17. Kh1 e6 18. Rce1 Bb7 19. Be3 Qd7 20. Ne4 Qd8 21. Qxd8 Rfxd8 22. b4 Bxe4 23. dxe4 Bd4 24. bxc5 bxc5 25. g3 Rab8 26. Kg2 Rb2 27. Rf2 Ra2 28. Rd1 Rxa3 29. Bxd4 Rxd4 30. Rxd4 cxd4 31. Rd2 Rc3 32. Rxd4 Rxc2+ 33. Kf3 h5 34. Ra4 Rc6 35. g4 Rc3+ 36. Kg2 hxg4 37. Rxa6 Rc4 38. Kg3 Rxe4 39. Kxg4 e5 40. Rf6 Rxf4+ 41. Rxf4 exf4 42. h4 Kg7 43. Kxf4 Kh6 44. Kg4 f6 45. Kf4 Kh5 46. Kg3 f5 47. Kh3 0-1

[Event "WY U-16 Chess Olympiad 2019"]
[Site "Corum"]
[Date "2019.11.03"]
[Round "6"]
[White "Hairul, Muhd Ilhan Mansiz"]
[Black "Sade, Defne"]
[Result "1/2-1/2"]
[WhiteElo "1832"]
[BlackElo "1952"]
[Annotator "NA"]
[PlyCount "96"]
[EventDate "2019.10.28"]
[EventType "team-tourn"]
[EventCountry "TUR"]
[SourceTitle "playchess.com"]
[Source "ChessBase"]
[SourceQuality "1"]

1. d4 d5 2. c4 e6 3. Nc3 Nf6 4. cxd5 exd5 5. Bg5 Nbd7 6. e3 c6 7. Qc2 Be7 8. Bd3 O-O 9. Nge2 Re8 10. O-O Ne4 11. Bxe7 Qxe7 12. Rae1 Nf8 13. f3 Nf6 14. Ng3 Be6 15. Kh1 Qd8 16. Qf2 Qb6 17. Bb1 Rad8 18. Rd1 Qa5 19. e4 dxe4 20. fxe4 Qg5 21. h3 Ng6 22. e5 Nd5 23. Nge4 Qe3 24. Nxd5 Qxf2 25. Rxf2 Bxd5 26. Nd6 Re7 27. Rdf1 Nh4 28. Kh2 b6 29. g3 Ng6 30. Rd2 Nf8 31. Rdf2 Ng6 32. b4 c5 33. bxc5 bxc5 34. Bxg6 hxg6 35. dxc5 Rxe5 36. Nxf7 Bxf7 37. Rxf7 Rd2+ 38. R7f2 Rxf2+ 39. Rxf2 Rxc5 40. Kg2 Rc3 41. h4 Ra3 42. Kh3 Ra4 43. Kg2 Ra3 44. Kh2 Ra4 45. Kh3 Kh7 46. Rc2 Kg8 47. Rf2 Kh7 48. Kg2 Ra3 1/2-1/2

[Event "WY U-16 Chess Olympiad 2019"]
[Site "Corum"]
[Date "2019.11.03"]
[Round "6"]
[White "Kwong, Wing Ki"]
[Black "Tantipura, Noppakorn"]
[Result "1-0"]
[WhiteElo "1822"]
[BlackElo "1851"]
[Annotator "NA"]
[PlyCount "137"]
[EventDate "2019.10.28"]
[EventType "team-tourn"]
[EventCountry "TUR"]
[SourceTitle "playchess.com"]
[Source "ChessBase"]
[SourceQuality "1"]

1. d4 d6 2. c4 g6 3. Nc3 Bg7 4. Nf3 Nc6 5. h3 Nf6 6. d5 Nb8 7. e4 O-O 8. Bd3 Nbd7 9. O-O Nc5 10. Bc2 a5 11. Be3 e6 12. e5 Ne8 13. Bxc5 dxc5 14. Qe2 Qe7 15. Rad1 Bd7 16. Rfe1 Rd8 17. Ne4 Bc8 18. Qe3 b6 19. Qf4 f6 20. Qh4 h6 21. exf6 Nxf6 22. Qg3 Nh5 23. Qxg6 Nf4 24. Qg3 Ba6 25. b3 exd5 26. Nc3 Qf7 27. Nxd5 Rxd5 28. Rxd5 Nxd5 29. cxd5 Bb7 30. Re2 Bxd5 31. Ne5 Qe6 32. Qd3 Re8 33. Qh7+ Kf8 34. Ng6+ Qxg6 35. Qxg6 Rxe2 36. Qf5+ Bf7 37. Bd3 Re1+ 38. Kh2 Ke7 39. Qf3 a4 40. Bb5 axb3 41. axb3 Be5+ 42. g3 Bg6 43. Bc6 Bd4 44. Kg2 Re6 45. Bd5 Rf6 46. Qe2+ Kd6 47. Bf3 Bf7 48. Qb5 Bd5 49. Bxd5 Rxf2+ 50. Kh1 Kxd5 51. Qd3 c6 52. Qc4+ Ke5 53. g4 Kf4 54. Qd3 Rf3 55. Qd2+ Kg3 56. Qg2+ Kf4 57. Qh2+ Ke4 58. Qe2+ Re3 59. Qc2+ Kf4 60. Kg2 Rg3+ 61. Kh2 Rc3 62. Qf5+ Ke3 63. Qe6+ Kf2 64. h4 Re3 65. Qf5+ Rf3 66. Qc2+ Kf1 67. Qd1+ Kf2 68. Qd2+ Kf1 69. Qg2+ 1-0

[Event "WY U-16 Chess Olympiad 2019"]
[Site "Corum"]
[Date "2019.11.03"]
[Round "6"]
[White "Briem, Benedikt"]
[Black "Demchenko, Svitlana"]
[Result "0-1"]
[WhiteElo "1816"]
[BlackElo "1953"]
[Annotator "NA"]
[PlyCount "90"]
[EventDate "2019.10.28"]
[EventType "team-tourn"]
[EventCountry "TUR"]
[SourceTitle "playchess.com"]
[Source "ChessBase"]
[SourceQuality "1"]

1. d4 Nf6 2. c4 g6 3. Nf3 Bg7 4. e3 d6 5. Be2 O-O 6. O-O Nbd7 7. Nc3 e5 8. dxe5 dxe5 9. e4 c6 10. Qc2 Qc7 11. h3 Nc5 12. Be3 Ne6 13. Rfd1 Nh5 14. Rd2 f5 15. exf5 gxf5 16. Ng5 Nhf4 17. Bxf4 Nxf4 18. c5 Bf6 19. Bc4+ Kh8 20. Nf3 Qg7 21. g3 Nxh3+ 22. Kh2 e4 23. Ng1 Ng5 24. Nce2 Be5 25. Nf4 b5 26. cxb6 axb6 27. a4 b5 28. Bb3 Ra7 29. Qxc6 Ra6 30. Qc5 Bxf4 31. Rc2 Bb7 32. Bd5 Rh6+ 33. Kg2 Bd6 34. Qxb5 Bxd5 35. Qxd5 f4 36. Rac1 fxg3 37. fxg3 Nf3 38. Ne2 Rh2+ 39. Kf1 Nd4+ 40. Ke1 Bxg3+ 41. Kd2 Rxe2+ 42. Kc3 Rc8+ 43. Kb4 Nxc2+ 44. Rxc2 Rexc2 45. b3 Qe7+ 0-1

[Event "WY U-16 Chess Olympiad 2019"]
[Site "Corum"]
[Date "2019.11.03"]
[Round "6"]
[White "Pheephacharakan, Pinatpong"]
[Black "Deng Yu Dong Michael"]
[Result "0-1"]
[WhiteElo "1785"]
[BlackElo "2130"]
[Annotator "ChessBase"]
[PlyCount "84"]
[EventDate "2019.10.28"]
[EventType "team-tourn"]
[EventCountry "TUR"]
[SourceTitle "playchess.com"]
[Source "ChessBase"]
[SourceQuality "1"]

1. c4 e6 2. g3 Nf6 3. Bg2 d5 4. Nf3 dxc4 5. Na3 Bxa3 6. bxa3 O-O 7. Bb2 c5 8. Qc2 Nbd7 9. O-O Qc7 10. Qxc4 b5 11. Qc3 Bb7 12. d3 Rfc8 13. Rac1 a5 14. h3 c4 15. Rfd1 Qb6 16. Qd4 Qxd4 17. Bxd4 cxd3 18. Rxc8+ Rxc8 19. Rxd3 Bd5 20. Rd2 Ne4 21. Rb2 Nd6 22. Nd2 Bxg2 23. Kxg2 e5 24. Be3 f6 25. Kf3 Rc3 26. Rb3 Rc2 27. Rd3 e4+ 28. Nxe4 Ne5+ 29. Kg2 Nxe4 30. Rb3 Rxa2 31. Rxb5 Rxa3 32. Bb6 Nc3 33. Rxa5 Rxa5 34. Bxa5 Nxe2 35. Bb6 Nc3 36. Bd4 Nb5 37. Bc5 Kf7 38. Bb6 Ke6 39. Bc5 Nd6 40. Be3 Kd5 41. Bb6 Ndc4 42. Bd8 Kd6 0-1

[Event "WY U-16 Chess Olympiad 2019"]
[Site "Corum"]
[Date "2019.11.03"]
[Round "6"]
[White "Altundal, Arda"]
[Black "Schnabel, Johann Emil"]
[Result "1-0"]
[WhiteElo "1776"]
[BlackElo "1708"]
[Annotator "NA"]
[PlyCount "63"]
[EventDate "2019.10.28"]
[EventType "team-tourn"]
[EventCountry "TUR"]
[SourceTitle "playchess.com"]
[Source "ChessBase"]
[SourceQuality "1"]

1. d4 Nf6 2. c4 g6 3. Nc3 Bg7 4. e4 d6 5. f3 O-O 6. Be3 Nbd7 7. Qd2 c5 8. O-O-O cxd4 9. Bxd4 a6 10. g4 Qc7 11. Kb1 Ne5 12. g5 Ne8 13. Nd5 Qd8 14. Bb6 Qd7 15. f4 Nc6 16. Bh3 e6 17. Ne2 Ne7 18. Nxe7+ Qxe7 19. c5 d5 20. exd5 exd5 21. Bxc8 Rxc8 22. Rhe1 Qd7 23. Qxd5 Qxd5 24. Rxd5 Nc7 25. Bxc7 Rxc7 26. Ng3 Rfc8 27. Ne4 Re7 28. Rd2 Rxc5 29. Rd8+ Bf8 30. Nf6+ Kg7 31. Rxe7 Bxe7 32. Rg8# 1-0

[Event "WY U-16 Chess Olympiad 2019"]
[Site "Corum"]
[Date "2019.11.03"]
[Round "6"]
[White "Asavasaetakul, Chawit"]
[Black "Abdikani Nor, Mohamed"]
[Result "1-0"]
[WhiteElo "1746"]
[BlackElo "1518"]
[Annotator "NA"]
[PlyCount "125"]
[EventDate "2019.10.28"]
[EventType "team-tourn"]
[EventCountry "TUR"]
[SourceTitle "playchess.com"]
[Source "ChessBase"]
[SourceQuality "1"]

1. e4 c5 2. c3 d6 3. d4 cxd4 4. cxd4 g6 5. Nf3 Bg7 6. Nc3 Nc6 7. Be3 Nf6 8. h3 O-O 9. Be2 e6 10. O-O a6 11. d5 exd5 12. exd5 Ne7 13. Qd2 b5 14. a3 Bb7 15. Bg5 Qd7 16. Rfd1 Rfe8 17. Nh2 Nexd5 18. Bxf6 Nxf6 19. Qxd6 Qxd6 20. Rxd6 Ne4 21. Nxe4 Bxe4 22. Rd2 Bh6 23. Rd6 Bg7 24. Rd2 Bh6 25. Rd6 Bf4 26. Rd4 Be5 27. Rxe4 Bxh2+ 28. Kxh2 Rxe4 29. Bf3 Rae8 30. Bxe4 Rxe4 31. b4 a5 32. bxa5 Ra4 33. Rb1 Rxa5 34. Rb3 f5 35. Kg3 Kf7 36. Kf4 Kf6 37. Ke3 Ke5 38. Rc3 Kd5 39. g4 fxg4 40. hxg4 Ra4 41. f4 b4 42. Rd3+ Ke6 43. axb4 Rxb4 44. Rd8 Rb3+ 45. Ke4 Rb4+ 46. Kf3 Rb3+ 47. Kg2 Rc3 48. Rh8 Rc7 49. Kg3 Kd5 50. Re8 Kd6 51. Kh4 Rc4 52. Kg5 h6+ 53. Kxh6 Rxf4 54. g5 Rf2 55. Kxg6 Kd7 56. Re5 Rg2 57. Kf6 Rg1 58. g6 Rf1+ 59. Rf5 Rxf5+ 60. Kxf5 Ke8 61. Kg5 Kf8 62. Kh6 Kg8 63. g7 1-0

[Event "WY U-16 Chess Olympiad 2019"]
[Site "Corum"]
[Date "2019.11.03"]
[Round "6"]
[White "Foo, Jiu Weir Brien"]
[Black "Annageldiyev, Azatgeldi"]
[Result "1-0"]
[WhiteElo "1731"]
[BlackElo "1790"]
[Annotator "NA"]
[PlyCount "67"]
[EventDate "2019.10.28"]
[EventType "team-tourn"]
[EventCountry "TUR"]
[SourceTitle "playchess.com"]
[Source "ChessBase"]
[SourceQuality "1"]

1. e4 c5 2. Nf3 e6 3. d4 cxd4 4. Nxd4 Nc6 5. Nc3 d6 6. Be3 Nf6 7. f3 a6 8. Qd2 Qc7 9. O-O-O Be7 10. g4 Ne5 11. h4 b5 12. Be2 Qa5 13. g5 Ng8 14. f4 b4 15. Nb1 Nd7 16. Nc6 Qxa2 17. Qxb4 d5 18. Nxe7 Rb8 19. Qxb8 Nxb8 20. Nxc8 Qa5 21. exd5 exd5 22. Rhe1 Ne7 23. Bb6 Qb4 24. Nxe7 Kxe7 25. Nc3 Kf8 26. Nxd5 Qd6 27. Bc7 Qc6 28. Bxb8 f6 29. Bg4 h5 30. Re6 Qa4 31. Bd6+ Kf7 32. Re7+ Kg8 33. Be6+ Kf8 34. Rc7+ 1-0

[Event "WY U-16 Chess Olympiad 2019"]
[Site "Corum"]
[Date "2019.11.03"]
[Round "6"]
[White "Garayev, Sadig"]
[Black "Zholdoshmamatov, Adilet"]
[Result "0-1"]
[WhiteElo "1723"]
[BlackElo "1682"]
[Annotator "NA"]
[PlyCount "161"]
[EventDate "2019.10.28"]
[EventType "team-tourn"]
[EventCountry "TUR"]
[SourceTitle "playchess.com"]
[Source "ChessBase"]
[SourceQuality "1"]

1. e4 c5 2. Nf3 Nc6 3. d4 cxd4 4. Nxd4 e5 5. Nb5 a6 6. Nd6+ Bxd6 7. Qxd6 Qe7 8. Qd2 Nf6 9. Nc3 d6 10. b3 Be6 11. Ba3 Nd4 12. f4 Qc7 13. Bd3 Rc8 14. Bb2 b5 15. O-O O-O 16. Kh1 Qb7 17. fxe5 dxe5 18. Qg5 b4 19. Nd1 Nd7 20. Ne3 f6 21. Qh4 Nc5 22. Nc4 Nxd3 23. cxd3 Bxc4 24. dxc4 Ne2 25. Qg4 Nf4 26. Qf3 Rcd8 27. Rad1 Ne6 28. Rd5 Nf4 29. Rdd1 Ne6 30. Bc1 Nd4 31. Qd3 Ne6 32. Qb1 Rd4 33. Rxd4 Nxd4 34. Be3 Ne2 35. Bd2 Rd8 36. Qc2 Nd4 37. Qd3 a5 38. Be3 Ne6 39. Qc2 Qc6 40. c5 Nd4 41. Qc4+ Kf8 42. h3 Qxe4 43. Bxd4 Qxd4 44. Qxd4 exd4 45. Rc1 Ke7 46. c6 Kd6 47. c7 Rc8 48. Rc4 Rxc7 49. Rxd4+ Ke5 50. Rd2 Ke4 51. Kh2 g5 52. Kg3 h5 53. Rf2 Rc3+ 54. Kh2 f5 55. Re2+ Kd4 56. Rd2+ Rd3 57. Rc2 f4 58. Rc4+ Kd5 59. Rc8 g4 60. hxg4 hxg4 61. Rg8 g3+ 62. Kh3 Rc3 63. Rg5+ Ke4 64. Rxa5 Rc2 65. Rb5 Ke3 66. Re5+ Kd4 67. Rf5 Ke4 68. Kg4 Rf2 69. Rf8 Ke3 70. Re8+ Kd3 71. Rf8 Rxg2 72. Rxf4 Rxa2 73. Kxg3 Kc3 74. Rf3+ Kc2 75. Kf4 Rb2 76. Ke4 Rxb3 77. Rf2+ Kb1 78. Kd4 Rc3 79. Rf1+ Kb2 80. Rh1 b3 81. Kd5 0-1